Statystyki dla Państwa mające populacje pomiędzy 50 a 100 milionów

Kliknij tutaj aby rozwiązać quiz!

Ogólne statystyki

  • Ten quiz został rozwiązany 19 razy
  • Średni wynik to 8 z 12

Statystyki odpowiedzi

PopulacjaPaństwo% Poprawnych
68MFrancja
100%
84MNiemcy
100%
67MWielka Brytania
88%
61MWłochy
88%
83MTurcja
76%
51MKorea Południowa
65%
57MPołudniowa Afryka
65%
86MIran
59%
55MKenia
47%
69MTajlandia
47%
63MTanzania
41%
57MMjanma
35%

Rozkład punktacji

Percentyl według liczby udzielonych odpowiedzi

Procent ludzi z każdym wynikiem

Twoja historia wyników

Nie rozwiązałeś tego quizu